[Event "XXVIII Memorial Mistrza Blaszczaka Grupa C - MLODZICY"]
[Site "Wroclaw"]
[Date "1899-12-30"]
[Round "1.1"]
[White "Pultorak, Jan"]
[Black "Tokarz, Krzysztof"]
[Result "1-0"]
[WhiteTitle "I"]
[BlackTitle "II"]
[WhiteElo "1851"]
[BlackElo "1465"]

1. e4 e6 2. d4 d5 3. Nc3 Nf6 4. e5 Nfd7 5. f4 c5 6. Be3 cxd4 7. Bxd4 Nc6 8. Be3
Nb6 9. Nf3 Be7 10. h4 f6 11. Bd3 f5 12. g4 d4 13. Nxd4 Nxd4 14. Bxd4 fxg4 15.
Qxg4 Qxd4 16. O-O-O Qe3+ 17. Kb1 Bf8 18. Qh5+ Ke7 19. Rhe1 g6 20. Qg5+ Ke8 21.
Rxe3 Be7 22. Bxg6+ hxg6 23. Qxg6+ Kf8 24. Rg3 Bxh4 25. Qg7+ Ke8 26. Qxh8+ Kf7
27. Rg7+ 1-0

[Event "XXVIII Memorial Mistrza Blaszczaka Grupa C - MLODZICY"]
[Site "Wroclaw"]
[Date "1899-12-30"]
[Round "1.2"]
[White "Sekowska, Helena"]
[Black "Adamczewski, Maciej"]
[Result "0-1"]
[WhiteTitle "II+"]
[BlackTitle "I"]
[WhiteElo "1459"]
[BlackElo "1824"]

1. e4 c5 2. Nf3 e6 3. c3 Nf6 4. e5 Nd5 5. d4 cxd4 6. cxd4 d6 7. Nc3 Nxc3 8. bxc3
Nc6 9. exd6 Bxd6 10. Bd3 h6 11. O-O O-O 12. Bd2 e5 13. Qc1 f5 14. Bc4+ Kh7 15.
dxe5 Bxe5 16. Re1 Qf6 17. Rb1 Bd6 18. Be3 Ne5 19. Nxe5 Bxe5 20. Rb3 Re8 21. Bd4
Re7 22. Bc5 Rc7 23. Qe3 Bxh2+ 24. Kxh2 Qh4+ 25. Kg1 Qxc4 26. Bd4 Bd7 27. Qg3 Be8
28. Rb4 Qf7 29. Qe3 b6 30. Qf3 Bc6 31. Qg3 Re7 32. Rxe7 Qxe7 33. Rc4 Rc8 34. Qf4
Bd7 35. Rxc8 Bxc8 36. Qe5 Qf7 37. a3 Bb7 38. Kf1 Qg6 39. f3 Qf7 40. Kg1 Qg6 41.
Kh2 Qh5+ 42. Kg1 Qg5 43. Kf1 Ba6+ 44. Kg1 h5 45. Kh2 h4 46. Qc7 Bf1 0-1

[Event "XXVIII Memorial Mistrza Blaszczaka Grupa C - MLODZICY"]
[Site "Wroclaw"]
[Date "1899-12-30"]
[Round "1.3"]
[White "Woloch, Oskar"]
[Black "Kosinski, Bartosz"]
[Result "1-0"]
[WhiteTitle "II"]
[BlackTitle "II"]
[WhiteElo "1707"]
[BlackElo "1457"]

1. e4 Nc6 2. Nf3 d6 3. c3 Nf6 4. Qc2 g6 5. d4 Bg7 6. Be2 O-O 7. O-O e5 8. dxe5
dxe5 9. Rd1 Qe7 10. Bg5 h6 11. Bh4 g5 12. Bg3 b6 13. Na3 Bb7 14. Nc4 Nh5 15. Ne3
Nxg3 16. hxg3 Qe6 17. Bc4 Qg6 18. Nf5 Bf6 19. Bd5 Rab8 20. Bxc6 Bxc6 21. Nxe5
Qh5 22. Nxc6 Rbe8 23. g4 Qg6 24. e5 1-0

[Event "XXVIII Memorial Mistrza Blaszczaka Grupa C - MLODZICY"]
[Site "Wroclaw"]
[Date "1899-12-30"]
[Round "1.4"]
[White "Musiala, Jakub"]
[Black "Kawaler, Adam"]
[Result "0-1"]
[WhiteTitle "II"]
[BlackTitle "II+"]
[WhiteElo "1390"]
[BlackElo "1668"]

1. e4 d6 2. d4 Nf6 3. Nc3 g6 4. Bd3 Bg7 5. Nge2 O-O 6. O-O c6 7. Be3 Nbd7 8. f3
b5 9. a3 a6 10. b4 Bb7 11. Nb1 Qc7 12. c3 Rfd8 13. Nd2 c5 14. Rc1 c4 15. Bc2 a5
16. Nb1 e6 17. Qd2 Ne8 18. Nf4 e5 19. Ne2 axb4 20. cxb4 d5 21. Nbc3 dxe4 22. fxe4
Nd6 23. Bh6 exd4 24. Bxg7 Kxg7 25. Qxd4+ f6 26. Nf4 Re8 27. Nfd5 Bxd5 28. Nxd5
Qa7 29. Qxa7 Rxa7 30. Rf3 Nxe4 31. Bxe4 Rxe4 32. Rd1 f5 33. Nc3 Re5 34. Rf2 Nf6
35. Ra2 Ne4 36. Nxe4 Rxe4 37. Rda1 Ra4 38. Kf2 Kf6 39. Rc2 Ke5 40. Rcc1 Rd4 41.
Ra2 Rd3 42. Rca1 Kd4 43. Ke2 c3 44. g3 Kc4 45. Ke1 Re3+ 46. Kf2 Re6 47. h4 Rea6
48. Ke2 Kb3 49. Kd3 Rxa3 50. Rxa3+ Rxa3 51. Rxa3+ Kxa3 52. Kxc3 Ka4 53. Kc2 Kxb4
54. Kb2 h6 55. Ka2 Kc3 56. Ka3 b4+ 57. Ka2 Kc2 58. g4 b3+ 59. Ka3 b2 60. h5 b1=Q
61. Ka4 Qb6 62. Ka3 Qa5+ 0-1

[Event "XXVIII Memorial Mistrza Blaszczaka Grupa C - MLODZICY"]
[Site "Wroclaw"]
[Date "1899-12-30"]
[Round "1.5"]
[White "Miszkielo, Bartosz"]
[Black "Korolewicz, Pawel"]
[Result "0-1"]
[WhiteTitle "II+"]
[BlackTitle "II"]
[WhiteElo "1618"]
[BlackElo "1343"]

1. e4 e5 2. f4 d5 3. exd5 Qxd5 4. Nc3 Qd6 5. Be2 Nc6 6. fxe5 Nxe5 7. d4 Ng6 8.
Nf3 Nf6 9. d5 Qb6 10. Bb5+ Bd7 11. Qe2+ Be7 12. Be3 Bxb5 13. Nxb5 Qa5+ 14. Bd2
Qb6 15. Qc4 O-O-O 16. d6 Bxd6 17. O-O-O a6 18. Nc3 Ne5 19. Nxe5 Bxe5 20. Rhe1
Rhe8 21. Bg5 h6 22. Bxf6 Bxf6 23. Rxe8 Rxe8 24. Qxf7 Qe3+ 25. Kb1 Bxc3 26. bxc3
Qe7 27. Qf2 Qe3 28. Qf7 Qe7 29. Qf3 Qc5 0-1

[Event "XXVIII Memorial Mistrza Blaszczaka Grupa C - MLODZICY"]
[Site "Wroclaw"]
[Date "1899-12-30"]
[Round "1.6"]
[White "Lascar, Maria Elena"]
[Black "Lipski, Lukasz"]
[Result "0-1"]
[WhiteTitle "II"]
[BlackTitle "II+"]
[WhiteElo "1320"]
[BlackElo "1593"]

1. e4 c6 2. d4 d5 3. exd5 cxd5 4. c3 Nc6 5. Qb3 Nf6 6. h3 Qa5 7. Nd2 e6 8. Qb5
Bd7 9. Qxb7 Rb8 10. Qa6 Bd6 11. b4 Qxa6 12. Bxa6 Bxb4 13. Ne2 Bxc3 14. Nxc3 Nb4
15. O-O Nxa6 16. Ba3 Bc6 17. Rab1 Kd7 18. Nf3 Rhc8 19. Ne5+ Ke8 20. Rxb8 Nxb8
21. Rb1 Nbd7 22. f4 Nxe5 23. dxe5 Ne4 24. Nxe4 dxe4 25. Rc1 Bb7 26. Rxc8+ Bxc8
27. Bc5 a6 28. Kf2 Kd7 29. Ke3 Bb7 30. a3 g6 31. g3 Kc6 32. Kd4 Kb5 33. h4 Bd5
34. Bd6 h5 35. Be7 Ka4 36. Bc5 Kb3 37. Ke3 Kc2 38. Bb4 Kb3 39. Bc5 Kc4 40. Bb4
Kb5 41. Kd4 a5 42. Bd6 Ka4 43. Bc5 Kb3 44. Ke3 Kc4 45. Bd6 Kb3 46. Bc5 Bc6 47.
Bb6 Kxa3 48. Bxa5 Kb3 49. Be1 Kc2 50. Ba5 Kd1 51. Bb4 Bb5 52. Kxe4 Ke2 53. Bc3
Kf2 54. f5 Kxg3 55. Be1+ Kg4 56. f6 g5 57. hxg5 Kxg5 58. Kd4 Kf4 59. Bd2+ Kf5
60. Be1 Ba4 61. Bf2 Kf4 62. Be1 Bc2 63. Bd2+ Kg4 64. Ke3 h4 65. Kf2 Be4 66. Kg1
Kg3 67. Be1+ Kh3 68. Bd2 Bg2 69. Bf4 Kg4 70. Bh2 Be4 71. Kf2 Bd5 72. Ke3 Kh3 73.
Bg1 Kg2 74. Bf2 h3 0-1

[Event "XXVIII Memorial Mistrza Blaszczaka Grupa C - MLODZICY"]
[Site "Wroclaw"]
[Date "1899-12-30"]
[Round "1.8"]
[White "Kraszewska, Barbara"]
[Black "Frej, Zofia"]
[Result "0-1"]
[WhiteTitle "II"]
[BlackTitle "I"]
[WhiteElo "1269"]
[BlackElo "1545"]

1. e4 c5 2. Nf3 e6 3. d4 cxd4 4. Nxd4 a6 5. c4 Nf6 6. Bd3 Qc7 7. a3 Nc6 8. Nf3
Be7 9. O-O O-O 10. Nc3 d6 11. Qe2 Bd7 12. Be3 Ng4 13. Bd2 Nge5 14. Nxe5 Nxe5 15.
Bf4 Bf6 16. Rfd1 Rac8 17. Bxe5 Bxe5 18. Rac1 Qb6 19. Qd2 Qd8 20. g3 Qf6 21. Be2
Qg6 22. Qd3 Bc6 23. Bf3 Qg5 24. Bg2 Qg6 25. Re1 Rfd8 26. Rcd1 Qf6 27. Re3 Qe7
28. Qe2 Qc7 29. Bf1 Qb6 30. Qd2 Bf6 31. h4 Be5 32. Bg2 Qc7 33. Rd3 Qb6 34. Re3
Qa5 35. Qe2 Bxc3 36. Rxc3 Qb6 37. Qd2 Rd7 38. Rd3 Rcd8 39. Rc1 Qc5 40. b4 Qe5
41. Qe3 Qb2 42. Rcd1 Ba4 43. R3d2 Qf6 44. Rc1 Qe7 45. Qb6 Rc8 46. Qd4 h6 47. Qb2
Rdc7 48. Qd4 Rd8 49. Qe3 Qf6 50. Qb6 Rcd7 51. Qa5 Bb3 52. b5 Rc8 53. bxa6 Rxc4
54. Rxc4 Bxc4 55. a7 Rd8 56. a8=Q Rxa8 57. Qxa8+ Kh7 58. Qxb7 Qa1+ 59. Kh2 Qe1
60. Rb2 Bf1 61. Bxf1 Qxf1 62. Qxf7 Qa1 63. Rb7 Qd4 64. Qxe6 Qxf2+ 65. Kh3 Qf1+
66. Kg4 Qe2+ 67. Kf5 Qf3# 0-1

[Event "XXVIII Memorial Mistrza Blaszczaka Grupa C - MLODZICY"]
[Site "Wroclaw"]
[Date "1899-12-30"]
[Round "1.9"]
[White "Mozol, Dawid"]
[Black "Czarniecka, Aleksandra"]
[Result "1-0"]
[WhiteTitle "II"]
[BlackTitle "II"]
[WhiteElo "1545"]
[BlackElo "1264"]

1. e4 c5 2. Nf3 d6 3. d4 cxd4 4. Nxd4 Nf6 5. Nc3 a6 6. Bg5 e6 7. f4 Be7 8. Bc4
Nbd7 9. Qd2 b5 10. Be2 Bb7 11. Bxf6 Bxf6 12. Bf3 Qc7 13. f5 exf5 14. Nxf5 Be5
15. O-O O-O 16. Nd5 Bxd5 17. Ne7+ Kh8 18. Nxd5 Qc5+ 19. Kh1 Rac8 20. c3 g6 21.
Bg4 Qc6 22. Ne7 Qxe4 23. Bxd7 Rc7 24. Rae1 Qb7 25. Qh6 Bg7 26. Nxg6+ Kg8 27. Ne7+
Kh8 28. Ng6+ Kg8 29. Ne7+ Kh8 30. Qxd6 Rxd7 31. Qb4 Rd2 32. Rf3 Rfd8 33. Nf5 Rd1
34. Rff1 R8d2 35. Re8+ Bf8 36. Qxf8# 1-0

[Event "XXVIII Memorial Mistrza Blaszczaka Grupa C - MLODZICY"]
[Site "Wroclaw"]
[Date "1899-12-30"]
[Round "1.10"]
[White "Ziemiecki, Dawid"]
[Black "Oglaza, Oskar"]
[Result "0-1"]
[WhiteTitle "III"]
[BlackTitle "II"]
[WhiteElo "1236"]
[BlackElo "1534"]

1. e4 c5 2. c3 d6 3. d4 cxd4 4. cxd4 Nf6 5. Qc2 Nbd7 6. Bc4 a6 7. Nf3 b5 8. Bb3
Bb7 9. Nbd2 Rc8 10. Qd3 e6 11. O-O Be7 12. e5 dxe5 13. dxe5 Nd5 14. Ne4 Nc5 15.
Nxc5 Bxc5 16. Bd2 Qb6 17. Bxd5 Bxd5 18. Rac1 Bc4 19. Rxc4 bxc4 20. Qxc4 Bxf2+
0-1

[Event "XXVIII Memorial Mistrza Blaszczaka Grupa C - MLODZICY"]
[Site "Wroclaw"]
[Date "1899-12-30"]
[Round "2.1"]
[White "Oglaza, Oskar"]
[Black "Pultorak, Jan"]
[Result "1/2-1/2"]
[WhiteTitle "II"]
[BlackTitle "I"]
[WhiteElo "1534"]
[BlackElo "1851"]

1. e4 b6 2. d4 e6 3. Nc3 Bb7 4. Nf3 Nf6 5. Bg5 h6 6. Bxf6 Qxf6 7. Bd3 Bb4 8. O-O
Bxc3 9. bxc3 O-O 10. Nd2 e5 11. Qf3 Qg5 12. Qe2 Nc6 13. Nf3 Qf6 14. d5 Ne7 15.
Nd2 d6 16. c4 Bc8 17. Qe3 Ng6 18. g3 Qe7 19. Qf3 Qg5 20. Qe3 Qxe3 21. fxe3 Bd7
22. Rf2 Ne7 23. Nb3 f5 24. Raf1 fxe4 25. Bxe4 Rxf2 26. Rxf2 g6 27. Bg2 Rf8 28.
e4 Ba4 29. Rxf8+ Kxf8 30. Kf2 Bxb3 31. cxb3 Kg7 32. Bh3 Ng8 33. Be6 Nf6 34. Kf3
Nh7 35. h4 Kf6 36. g4 Nf8 37. Bc8 g5 38. h5 Ke7 39. b4 Kd8 40. Bf5 Nd7 41. Bxd7
Kxd7 1/2-1/2

[Event "XXVIII Memorial Mistrza Blaszczaka Grupa C - MLODZICY"]
[Site "Wroclaw"]
[Date "1899-12-30"]
[Round "2.2"]
[White "Adamczewski, Maciej"]
[Black "Mozol, Dawid"]
[Result "0-1"]
[WhiteTitle "I"]
[BlackTitle "II"]
[WhiteElo "1824"]
[BlackElo "1545"]

1. d4 d5 2. c4 e6 3. Nf3 Nf6 4. Nc3 Nbd7 5. Bg5 Be7 6. Qc2 O-O 7. cxd5 exd5 8.
e3 c6 9. Bd3 h6 10. Bf4 Nh5 11. Be5 Nxe5 12. Nxe5 Bd6 13. Nf3 Re8 14. O-O Qc7
15. Rfc1 Nf6 16. h3 a6 17. Rab1 Rb8 18. b4 Qe7 19. Qb3 Bd7 20. a4 Ne4 21. b5 Nxf2
22. Qc2 Nxh3+ 23. gxh3 Qxe3+ 24. Qf2 Qxd3 25. Qf1 Qg6+ 26. Qg2 Bxh3 27. Qxg6 fxg6
28. Ne5 Bxe5 29. dxe5 axb5 30. axb5 d4 31. Ne2 d3 32. Nf4 Bf5 33. Rb2 Rbd8 34.
bxc6 bxc6 35. Rd2 g5 36. Ng2 Be4 37. Rc5 Bxg2 38. Kxg2 Rd5 39. Rxd5 cxd5 40. Rxd3
Rxe5 41. Kf3 h5 42. Kg3 Kh7 43. Rd1 Kg6 44. Rd4 h4+ 45. Kf3 Kf5 46. Ra4 Re4 47.
Ra5 g4+ 48. Kf2 Re5 49. Ra4 g5 50. Rd4 g3+ 51. Kg2 g4 52. Rd1 Re2+ 53. Kg1 Ke4
54. Kf1 Rc2 55. Kg1 h3 56. Re1+ Kf3 57. Rd1 Re2 58. Rf1+ Rf2 59. Ra1 Re2 60. Ra3+
Re3 61. Ra1 d4 62. Rd1 d3 63. Rf1+ Ke2 64. Kh1 g2+ 65. Kh2 gxf1=N+ 66. Kh1 Ng3+
67. Kh2 d2 0-1

[Event "XXVIII Memorial Mistrza Blaszczaka Grupa C - MLODZICY"]
[Site "Wroclaw"]
[Date "1899-12-30"]
[Round "2.3"]
[White "Kalinowska, Karolina"]
[Black "Woloch, Oskar"]
[Result "0-1"]
[WhiteTitle "I"]
[BlackTitle "II"]
[WhiteElo "1475"]
[BlackElo "1707"]

1. e4 e5 2. Nf3 f5 3. exf5 e4 4. Nd4 Qf6 5. Nb5 Qe5 6. N1c3 c6 7. Na3 d5 8. Be2
Bxf5 9. Bg4 Nf6 10. Bxf5 Qxf5 11. O-O Bd6 12. h3 Nbd7 13. d3 O-O 14. dxe4 Nxe4
15. Nxe4 Qxe4 16. Qg4 Qxg4 17. hxg4 Ne5 18. f3 Bc5+ 19. Kh2 Nxg4+ 20. Kh1 Rf5
21. g3 Rh5+ 0-1

[Event "XXVIII Memorial Mistrza Blaszczaka Grupa C - MLODZICY"]
[Site "Wroclaw"]
[Date "1899-12-30"]
[Round "2.4"]
[White "Kawaler, Adam"]
[Black "Holownia, Michal"]
[Result "1/2-1/2"]
[WhiteTitle "II+"]
[BlackTitle "II"]
[WhiteElo "1668"]
[BlackElo "1521"]

1. d4 Nf6 2. Nf3 c5 3. e3 g6 4. c4 Bg7 5. Nc3 O-O 6. Be2 d6 7. O-O Na6 8. h3 Nc7
9. d5 e6 10. e4 exd5 11. exd5 a6 12. Bf4 Bf5 13. Qb3 Qd7 14. Qxb7 Rab8 15. Qc6
Qxc6 16. dxc6 Rfd8 17. Rad1 Nfe8 18. Bg5 Rdc8 19. Nd5 Nxd5 20. cxd5 Nc7 21. Be7
Rxb2 22. Bc4 Bf8 23. Bxf8 Kxf8 24. g4 Bc2 25. Rd2 Rcb8 26. Bb3 R2xb3 27. axb3
Bxb3 28. Rb1 Rb5 29. Ng5 Bxd5 30. Rbd1 c4 31. Nxh7+ Kg7 32. Ng5 c3 33. Re2 Bb3
34. Rc1 c2 35. Re7 Rxg5 36. Rxc7 Rc5 37. Rb7 Bd5 38. Rb2 Be4 39. f3 Bd3 40. Rb3
Bb5 41. Rb2 1/2-1/2

[Event "XXVIII Memorial Mistrza Blaszczaka Grupa C - MLODZICY"]
[Site "Wroclaw"]
[Date "1899-12-30"]
[Round "2.5"]
[White "Lipski, Lukasz"]
[Black "Laszczak, Przemyslaw"]
[Result "0-1"]
[WhiteTitle "II+"]
[BlackTitle "II+"]
[WhiteElo "1593"]
[BlackElo "1507"]

1. e4 e6 2. d4 d5 3. e5 c5 4. c3 Qb6 5. Nf3 Nc6 6. Bd3 Bd7 7. Bc2 cxd4 8. cxd4
Nb4 9. Ba4 Bxa4 10. Qxa4+ Qc6 11. Qxc6+ bxc6 12. Na3 Rb8 13. Ke2 c5 14. Be3 c4
15. b3 Nc6 16. Nb1 cxb3 17. axb3 Rxb3 18. Nbd2 Ra3 19. Rab1 Bb4 20. Rhc1 Nge7
21. Bg5 a5 22. Bxe7 Nxe7 23. Rc7 f6 24. Rbc1 Kf7 25. Rb7 Rc3 26. Rxc3 Bxc3 27.
Nb1 Bb4 28. Ra7 Rc8 29. Nbd2 Rc3 30. g4 Kg6 31. h4 h5 32. g5 f5 33. Ra6 Rc6 34.
Ra8 Rc2 35. Ra6 Kf7 36. Kd1 Ra2 37. g6+ Nxg6 38. Ng5+ Kg8 39. Ndf3 a4 40. Rxe6
Nf8 41. Re8 a3 42. e6 Rxf2 43. e7 Bxe7 44. Rxe7 a2 45. Ra7 Rb2 46. Kc1 Rb1+ 47.
Kd2 a1=Q 48. Rxa1 Rxa1 49. Ke3 g6 50. Kf4 Nd7 51. Ne5 Nxe5 52. Kxe5 Rh1 53. Kxd5
Rxh4 54. Ke5 Rg4 55. Ne6 Re4+ 56. Kf6 Rxe6+ 57. Kxe6 h4 58. d5 Kf8 59. d6 Ke8
0-1

[Event "XXVIII Memorial Mistrza Blaszczaka Grupa C - MLODZICY"]
[Site "Wroclaw"]
[Date "1899-12-30"]
[Round "2.6"]
[White "Frej, Zofia"]
[Black "Joniak, Grzegorz"]
[Result "1-0"]
[WhiteTitle "I"]
[BlackTitle "II"]
[WhiteElo "1545"]
[BlackElo "1314"]

1. e4 d6 2. d4 Nf6 3. Nc3 g6 4. Bd3 Bg7 5. f4 O-O 6. Nf3 Nbd7 7. O-O c6 8. Qe2
Qb6 9. Kh1 c5 10. e5 dxe5 11. dxe5 Ne8 12. Nd5 Qe6 13. Bc4 Kh8 14. Nc7 Qc6 15.
Nxa8 Nb8 16. Bb5 Qe6 17. Bxe8 Rxe8 18. Nc7 Qc6 19. Nxe8 Qxe8 1-0

[Event "XXVIII Memorial Mistrza Blaszczaka Grupa C - MLODZICY"]
[Site "Wroclaw"]
[Date "1899-12-30"]
[Round "2.7"]
[White "Korolewicz, Pawel"]
[Black "Sekowska, Helena"]
[Result "0-1"]
[WhiteTitle "II"]
[BlackTitle "II+"]
[WhiteElo "1343"]
[BlackElo "1459"]

1. e4 c5 2. Ne2 Nc6 3. Nbc3 e6 4. d3 Nf6 5. g3 d5 6. Bg2 d4 7. Nb1 e5 8. Nd2 Be7
9. O-O O-O 10. f4 Ng4 11. Nf3 exf4 12. Nxf4 Re8 13. h3 Nge5 14. Nd5 Nxf3+ 15.
Qxf3 Ne5 16. Qf2 Be6 17. Bf4 Bd6 18. Rae1 Rc8 19. Bd2 c4 20. Nf4 Qd7 21. Kh1 cxd3
22. cxd3 Rc2 23. Rb1 Bxa2 24. Rbd1 Rxb2 25. Qxd4 Rb6 26. Ra1 Ra6 27. Qb2 Be6 28.
Bc3 Rb6 29. Qf2 Nc6 30. d4 Bxf4 31. gxf4 Bxh3 32. d5 Ne7 33. Rxa7 Rg6 34. Rg1
Bxg2+ 35. Rxg2 Qh3+ 36. Kg1 Rxg2+ 37. Qxg2 Qxc3 38. Rxb7 Qe3+ 39. Kh1 Qxf4 0-1

[Event "XXVIII Memorial Mistrza Blaszczaka Grupa C - MLODZICY"]
[Site "Wroclaw"]
[Date "1899-12-30"]
[Round "2.8"]
[White "Czarniecka, Aleksandra"]
[Black "Miszkielo, Bartosz"]
[Result "0-1"]
[WhiteTitle "II"]
[BlackTitle "II+"]
[WhiteElo "1264"]
[BlackElo "1618"]

1. e4 c5 2. Nf3 Nc6 3. d4 cxd4 4. Nxd4 Nf6 5. Nc3 e5 6. Ndb5 d6 7. Bg5 a6 8. Na3
b5 9. Nd5 Be7 10. Nxe7 Nxe7 11. Bxf6 gxf6 12. c3 f5 13. Bd3 fxe4 14. Bxe4 d5 15.
Bf3 e4 16. Be2 Qd6 17. Nc2 Nf5 18. Bf1 Be6 19. g3 h5 20. Nb4 h4 21. Bg2 hxg3 22.
fxg3 Rxh2 23. Rg1 Qxg3+ 24. Kf1 Ne3+ 25. Ke2 Nxd1 26. Raxd1 Rxg2+ 27. Rxg2 Qxg2+
28. Ke1 Bg4 29. Rd2 Qg1# 0-1

[Event "XXVIII Memorial Mistrza Blaszczaka Grupa C - MLODZICY"]
[Site "Wroclaw"]
[Date "1899-12-30"]
[Round "2.9"]
[White "Wrobel, Michal"]
[Black "Ziemiecki, Dawid"]
[Result "1-0"]
[WhiteTitle "II"]
[BlackTitle "III"]
[WhiteElo "1590"]
[BlackElo "1236"]

1. e4 c6 2. d4 d5 3. exd5 cxd5 4. Bd3 Nf6 5. Ne2 e6 6. Bf4 Be7 7. c3 b6 8. Nd2
Ba6 9. Bxa6 Nxa6 10. Qa4+ Qd7 11. Qxa6 O-O 12. Qd3 Rfe8 13. O-O Bd6 14. Bxd6 Qxd6
15. Ng3 g6 16. Nf3 1-0

[Event "XXVIII Memorial Mistrza Blaszczaka Grupa C - MLODZICY"]
[Site "Wroclaw"]
[Date "1899-12-30"]
[Round "2.12"]
[White "Koza, Jan"]
[Black "Musiala, Jakub"]
[Result "0-1"]
[WhiteTitle "III"]
[BlackTitle "II"]
[WhiteElo "1255"]
[BlackElo "1390"]

1. e4 c5 2. Nf3 e6 3. d4 cxd4 4. Nxd4 a6 5. Nc3 Qc7 6. Be3 b5 7. Be2 Bb7 8. Bf3
Bb4 9. O-O Ne7 10. Nce2 Nbc6 11. c3 Ba5 12. b4 Bb6 13. a4 bxa4 14. Rxa4 Ne5 15.
Bf4 N7g6 16. Bh5 Nxf4 17. Nxf4 Ng6 18. Nh3 Qxc3 19. Ne2 Qf6 20. Qc2 Bc6 21. b5
Bxb5 22. Rb4 Ne5 23. Nd4 Bxd4 24. Rxd4 0-1

[Event "XXVIII Memorial Mistrza Blaszczaka Grupa C - MLODZICY"]
[Site "Wroclaw"]
[Date "1899-12-30"]
[Round "3.1"]
[White "Woloch, Oskar"]
[Black "Mozol, Dawid"]
[Result "1-0"]
[WhiteTitle "II"]
[BlackTitle "II"]
[WhiteElo "1707"]
[BlackElo "1545"]

1. e4 e5 2. Nf3 Nc6 3. c3 Nf6 4. d4 d6 5. dxe5 dxe5 6. Qxd8+ Nxd8 7. Bd3 Bd6 8.
Bg5 h6 9. Bh4 Ne6 10. Bc2 Nf4 11. Bxf6 gxf6 12. g3 Ne6 13. Nbd2 Bd7 14. Nc4 Bc5
15. Nh4 Ng5 16. Nf5 Bxf5 17. exf5 O-O-O 18. h4 Nh7 19. Be4 c6 20. b4 Be7 21. a4
c5 22. b5 Nf8 23. Na5 Rd7 24. Rd1 Rc7 25. Nc4 Nd7 26. a5 b6 27. axb6 Nxb6 28.
Nxb6+ axb6 29. Ra1 Kd7 30. Bc6+ Rxc6 31. bxc6+ Kxc6 32. Ra7 Re8 33. c4 b5 34.
Ra6+ Kb7 35. cxb5 c4 36. Kd2 Bb4+ 37. Kc2 e4 38. Ra4 Bc5 39. Rf1 e3 40. fxe3 Rxe3
41. Rxc4 Kb6 42. Rc3 Re2+ 43. Kb3 Kxb5 44. Rd1 Re5 45. g4 Kb6 46. Rd7 Re4 47.
Rxf7 Bd4 48. Rc4 Rxg4 49. Rxf6+ Bxf6 50. Rxg4 Kc5 51. h5 Kd5 52. Rg6 Bg5 53. Rxg5
hxg5 1-0

[Event "XXVIII Memorial Mistrza Blaszczaka Grupa C - MLODZICY"]
[Site "Wroclaw"]
[Date "1899-12-30"]
[Round "3.2"]
[White "Laszczak, Przemyslaw"]
[Black "Frej, Zofia"]
[Result "0-1"]
[WhiteTitle "II+"]
[BlackTitle "I"]
[WhiteElo "1507"]
[BlackElo "1545"]

1. d4 d5 2. c4 e6 3. Nc3 c5 4. e3 Nf6 5. Nf3 Nc6 6. Be2 Bd6 7. O-O O-O 8. b3 b6
9. Bb2 Bb7 10. Rc1 Rc8 11. Re1 cxd4 12. Nxd4 Nxd4 13. exd4 Bf4 14. Rc2 dxc4 15.
Bxc4 Nd5 16. Nxd5 Bxd5 17. Ba3 Bd6 18. Bxd5 Bxa3 19. Bc4 Qf6 20. Rd2 Bb4 21. d5
Bxd2 22. Qxd2 exd5 23. Qxd5 Qc6 24. Qf5 g6 25. Qf4 b5 26. Bf1 a6 27. g3 Qc3 28.
Re7 Rce8 29. Ra7 Re1 30. Qd6 Qf3 31. Qd7 Rfe8 32. Qh3 Rd8 33. Rd7 Rde8 34. Qg2
Qf5 35. Qd5 Qf6 36. Kg2 R1e5 37. Qd6 R5e6 38. Qd5 h5 39. a4 bxa4 40. bxa4 h4 41.
Bc4 g5 42. Qa5 R6e7 43. Rxe7 Qxe7 44. Qxa6 Qe4+ 45. Kg1 h3 46. Bf1 g4 47. Qc4
Qxc4 48. Bxc4 Re4 49. Bb5 Re1+ 50. Bf1 Ra1 51. f3 f5 52. Kf2 Rxa4 53. Bd3 Ra3
54. Be2 Ra4 0-1

[Event "XXVIII Memorial Mistrza Blaszczaka Grupa C - MLODZICY"]
[Site "Wroclaw"]
[Date "1899-12-30"]
[Round "3.3"]
[White "Pultorak, Jan"]
[Black "Kawaler, Adam"]
[Result "1/2-1/2"]
[WhiteTitle "I"]
[BlackTitle "II+"]
[WhiteElo "1851"]
[BlackElo "1668"]

1. e4 c5 2. Nf3 Nc6 3. Bb5 Nf6 4. Bxc6 bxc6 5. d3 g6 6. Nc3 Bg7 7. h3 d6 8. Be3
Rb8 9. Rb1 O-O 10. Qd2 Qa5 11. O-O Nd7 12. Bh6 Ba6 13. Bxg7 Kxg7 14. Qg5 Qd8 15.
Nh4 e6 16. Qg3 Nf6 17. e5 Nh5 18. Qg4 dxe5 19. Nf3 Rb4 20. Qg5 Qxg5 21. Nxg5 Rfb8
22. b3 Nf6 23. Rfe1 Nd7 24. Nge4 h6 25. Nd6 Rd4 26. Nc4 Bxc4 27. bxc4 Rb6 28.
f3 f5 29. Na4 Ra6 30. Nc3 Rb6 31. a4 Rb4 32. Ne2 Rd6 33. Nc3 Rd4 1/2-1/2

[Event "XXVIII Memorial Mistrza Blaszczaka Grupa C - MLODZICY"]
[Site "Wroclaw"]
[Date "1899-12-30"]
[Round "3.4"]
[White "Holownia, Michal"]
[Black "Oglaza, Oskar"]
[Result "1/2-1/2"]
[WhiteTitle "II"]
[BlackTitle "II"]
[WhiteElo "1521"]
[BlackElo "1534"]

1. e4 c5 2. Nf3 d6 3. d4 cxd4 4. Nxd4 Nf6 5. Nc3 a6 6. Bd3 e6 7. O-O b5 8. Kh1
Bb7 9. Qe1 Nbd7 10. f4 Nc5 11. a3 Be7 12. b4 Nxd3 13. cxd3 Rc8 14. Bb2 Qd7 15.
Qg3 O-O 16. Nf3 Kh8 17. Rac1 Rg8 18. Ng5 Bd8 19. Qh3 h6 20. e5 Nh7 21. Nxh7 Kxh7
22. Ne4 Bxe4 23. dxe4 Bb6 24. Rfd1 Rxc1 25. Bxc1 Rc8 26. Qd3 Rc6 27. Bb2 Bc7 28.
Qd4 Rc4 29. Qd3 Rc6 30. Qd4 Rc4 31. Qd3 Rc6 32. Qd4 1/2-1/2

[Event "XXVIII Memorial Mistrza Blaszczaka Grupa C - MLODZICY"]
[Site "Wroclaw"]
[Date "1899-12-30"]
[Round "3.5"]
[White "Musiala, Jakub"]
[Black "Adamczewski, Maciej"]
[Result "0-1"]
[WhiteTitle "II"]
[BlackTitle "I"]
[WhiteElo "1390"]
[BlackElo "1824"]

1. e4 c5 2. Nc3 Nc6 3. Bb5 g6 4. Bxc6 bxc6 5. f4 Bg7 6. d3 d6 7. Nf3 e6 8. O-O
Ne7 9. Qe1 O-O 10. Qh4 Qc7 11. g4 f5 12. exf5 exf5 13. Re1 Bf6 14. Ng5 Nd5 15.
Nxd5 cxd5 16. gxf5 Bxf5 17. Qg3 Qd7 18. h4 h6 19. Nf3 Kh7 20. c3 Rab8 21. Nd2
Rg8 22. Kh1 Qf7 23. Nb3 Rbf8 24. Bd2 Bd8 25. Rf1 a5 26. Nc1 Qb7 27. b3 Bf6 28.
Ne2 Re8 29. Rae1 d4+ 30. Kh2 a4 31. cxd4 axb3 32. axb3 Qxb3 33. Nc1 Qb2 34. Qf2
Bxd4 35. Qg2 Bf6 36. Be3 Qxg2+ 37. Kxg2 Bxh4 38. Bf2 Bf6 39. Rxe8 Rxe8 40. Re1
Rb8 41. Kg1 Kg7 42. Rd1 Rb1 43. Be3 Bb2 44. Kf1 Kf6 45. Kg2 Bxc1 46. Bxc1 Bxd3
47. Re1 0-1

[Event "XXVIII Memorial Mistrza Blaszczaka Grupa C - MLODZICY"]
[Site "Wroclaw"]
[Date "1899-12-30"]
[Round "3.6"]
[White "Miszkielo, Bartosz"]
[Black "Kosinski, Bartosz"]
[Result "1-0"]
[WhiteTitle "II+"]
[BlackTitle "II"]
[WhiteElo "1618"]
[BlackElo "1457"]

1. e4 Nc6 2. d4 f5 3. Bc4 fxe4 4. Bxg8 Rxg8 5. Qh5+ g6 6. Qxh7 Rg7 7. Qh8 d5 8.
Bh6 Rf7 9. Ne2 Bf5 10. Qg8 Qd6 11. Nbc3 e6 12. h3 e5 13. dxe5 Nxe5 14. Bxf8 Rxf8
15. Qxd5 O-O-O 16. O-O-O Qxd5 17. Rxd5 Rxd5 18. Nxd5 Be6 19. Rd1 Bxd5 20. Rxd5
Rxf2 21. Rxe5 Rxe2 22. Rg5 e3 23. c3 Rf2 24. Kd1 Rxb2 25. Rxg6 Rxa2 26. h4 Ra5
27. g4 Rc5 28. h5 Rxc3 29. h6 e2+ 30. Kxe2 Rh3 31. g5 a5 32. Rg7 a4 33. h7 b5
34. Rg8+ Kd7 35. h8=Q Rxh8 36. Rxh8 Ke6 37. Rb8 c6 38. Rb6 Kf5 39. Rxc6 Kxg5 40.
Rc5+ 1-0

[Event "XXVIII Memorial Mistrza Blaszczaka Grupa C - MLODZICY"]
[Site "Wroclaw"]
[Date "1899-12-30"]
[Round "3.7"]
[White "Sekowska, Helena"]
[Black "Lipski, Lukasz"]
[Result "1-0"]
[WhiteTitle "II+"]
[BlackTitle "II+"]
[WhiteElo "1459"]
[BlackElo "1593"]

1. e4 c6 2. d4 d5 3. exd5 cxd5 4. c4 Nf6 5. Nc3 Nc6 6. Nf3 Bg4 7. cxd5 Nxd5 8.
Bb5 e6 9. O-O Bb4 10. Qd3 O-O 11. Bg5 f6 12. Bd2 Bxf3 13. gxf3 Nde7 14. Be3 Kh8
15. Bc4 Nf5 16. Rad1 Qe8 17. Bxe6 Qxe6 18. d5 Qd7 19. dxc6 Qxd3 20. Rxd3 bxc6
21. Rfd1 Nh4 22. Bf4 c5 23. b3 Ng6 24. Bg3 f5 25. Bd6 Rfd8 26. Na4 Nh4 27. f4
Ng6 28. Bxc5 Rxd3 29. Rxd3 Bxc5 30. Nxc5 Nxf4 31. Rf3 g5 32. h4 h6 33. Kh2 Rc8
34. Na6 Rc2 35. Nb4 Re2 36. a4 Kg7 37. Nc6 Kg6 38. Nxa7 Kh5 39. hxg5 hxg5 40.
Kg3 Re1 41. Kh2 Rf1 42. Nc6 Kg4 43. Rg3+ Kh5 44. Rf3 Kg4 45. Ne5+ Kh4 46. a5 Re1
47. Rxf4+ g4 48. Nd3 Rd1 49. Nc5 Rd5 50. b4 1-0